Décoration côté jardin
| Auteur principal: | Kevin McCloud |
|---|---|
| D'autres auteurs: | Tim Mercer |
| Support: | Livres |
| Langue: | Francais |
| Genre: |
Documentaire |
| Sujets: | |
| Étiquettes: |
Ajouter
Pas de Tags !
|
| LEADER | 00894nam0a2200193 450 | ||
|---|---|---|---|
| 001 | 16848322 | ||
| 010 | |a 2-04-720010-5 |b Cart. |d 210 F | ||
| 100 | |a 20000804d2000 u u0frey01 ba | ||
| 101 | 0 | |a fre | |
| 102 | |a FR | ||
| 200 | 0 | |a Décoration côté jardin |f Kevin McCloud |g photogr. de Tim Mercer | |
| 207 | 1 | |a | |
| 215 | |a 191 p. |c ill. en coul. |d 28 x 21 cm | ||
| 330 | |a Une approche décorative des espaces extérieurs, jardins, cours, allées, potagers, pour en faire des espaces de vie. Réflexion sur le projet : jardin à l'antique, jardin d'Eden, jardin d'eau à la chinoise, ou zen japonais. Réalisations : sols, murs, meubles, accessoires et jeux de lumière. | ||
| 700 | 0 | |a McCloud |b Kevin |4 70 | |
| 702 | 0 | |a Mercer |b Tim |4 600 | |
| 900 | |a Documentaire | ||
| 901 | |a Accessible au prêt | ||
| 995 | |a Bibliothèque |c Bibliothèque |f 00156005942347 |h 00156005942347 |k 712 MCC |o p |q a |r az |e Bibliothèque | ||
